|
|
|
|
| LEADER |
00000nab a2200000 a 4500 |
| 001 |
vtls000706087 |
| 003 |
SK-MaSNL |
| 005 |
20260304111135.0 |
| 008 |
250429c1999 xo 0 slo |
| 015 |
|
|
|a SNBRB1999/10-25529
|
| 035 |
|
|
|a CLN000058254
|
| 035 |
|
|
|a (urnnbn)urn:nbn:sk:snk:ar-006snb
|
| 035 |
|
|
|a (uuid)d5827eca-2348-40b7-9bf3-17f3bef55639
|
| 035 |
|
|
|a urn:nbn:sk:snk-ab89of
|
| 040 |
|
|
|a SNKBUCL
|b slo
|c SNKBUCL
|e AACR2
|
| 041 |
0 |
|
|a slo
|
| 044 |
|
|
|a xo
|c SK
|
| 080 |
|
|
|a 636.27(437.1/.2)
|2 1997
|
| 100 |
1 |
|
|a Vetýška, Jaroslav
|4 aut
|9 17520
|
| 245 |
1 |
0 |
|a Český strakatý dobytok a jeho úloha vo výrobe mlieka a mäsa v ČR
|c Jaroslav Vetýška, Petr Pytloun
|
| 300 |
|
|
|b Grafy, tab.
|
| 650 |
0 |
7 |
|a dobytok hovädzí
|x plemeno český strakatý dobytok
|z Česko
|y 1980-1998
|2 snkbucl
|9 1410855
|
| 655 |
|
7 |
|a články z novín a časopisov
|2 snkbucl
|9 267496
|
| 700 |
1 |
|
|a Pytloun, Petr
|4 aut
|9 1410856
|
| 773 |
0 |
|
|t Slovenský chov
|g Roč. 4, č. 8 (1999), s. 24-26
|x 1335-1990
|
| 850 |
|
|
|a Slovenská národná knižnica
|
| 852 |
|
|
|a Slovenská národná knižnica
|
| 954 |
|
|
|a odborná, vedecká literatúra pôvodná (slovenská)
|2 lita
|
| 958 |
|
|
|a article9
|
| 958 |
|
|
|a OND
|
| 958 |
|
|
|a CZ
|
| 958 |
|
|
|a EUIPO
|
| 999 |
|
|
|c 2861813
|d 2863743
|